Yorkshire and Humber (Record no. 79983)

MARC details
000 -LEADER
fixed length control field 00959cab a22002055a 4500
001 - CONTROL NUMBER
control field L142946
008 - FIXED-LENGTH DATA ELEMENTS--GENERAL INFORMATION
fixed length control field 080325e20080313xxk f 000 0 eng d
035 ## - SYSTEM CONTROL NUMBER
System control number (Sirsi) u142946
041 0# - LANGUAGE CODE
Language code of text/sound track or separate title eng
110 2# - MAIN ENTRY--CORPORATE NAME
Corporate name or jurisdiction name as entry element Emap Glenigan
9 (RLIN) 4719
245 00 - TITLE STATEMENT
Title Yorkshire and Humber
Remainder of title project watch
-- high energy
260 ## - PUBLICATION, DISTRIBUTION, ETC.
Date of publication, distribution, etc. 2008
490 #0 - SERIES STATEMENT
Series statement New Civil Engineer
Volume/sequential designation 13 March 2008, 34-35(2)
520 ## - SUMMARY, ETC.
Summary, etc. Research from Emap Glenigan reveals that Yorkshire and the Humber's largest clients and projects are dominated by green energy schemes. Discusses the region's commitment to green energy and highlights key developments in this area. Also provides information about the top 20 clients in the region, the top 20 construction projects awarded in the last 12 months, and the top 20 projects to be awarded.
590 ## - LOCAL NOTE (RLIN)
Local note KA
651 #4 - SUBJECT ADDED ENTRY--GEOGRAPHIC NAME
Geographic name Yorkshire
Chronological subdivision 1888-
690 ## - LOCAL SUBJECT ADDED ENTRY--TOPICAL TERM (OCLC, RLIN)
Topical term or geographic name as entry element ENVIRONMENTAL AND LAND CONSULTANCY-ENERGY-RENEWABLE ENERGY
690 ## - LOCAL SUBJECT ADDED ENTRY--TOPICAL TERM (OCLC, RLIN)
Topical term or geographic name as entry element BUILT ENVIRONMENT
942 ## - ADDED ENTRY ELEMENTS (KOHA)
Suppress in OPAC 0
Holdings
Withdrawn status Lost status Source of classification or shelving scheme Damaged status Not for loan Home library Current library Shelving location Date acquired Total Checkouts Full call number Barcode Date last seen Copy number Price effective from Koha item type
    Dewey Decimal Classification     London London Journal article 25/03/2008   L142946 142946-1001 06/08/2019 1 06/08/2019 Journal article